Normal view
MARC view
- Swetha K.P
Entry Personal Name
001 - CONTROL NUMBER
- control field: 3461
003 - CONTROL NUMBER IDENTIFIER
- control field: OSt
005 - DATE AND TIME OF LATEST TRANSACTION
- control field: 20180929124029.0
008 - FIXED-LENGTH DATA ELEMENTS
- fixed length control field: 180929|| aca||aabn | a|a d
040 ## - CATALOGING SOURCE
- Original cataloging agency: OSt
- Transcribing agency: OSt
100 ## - HEADING--PERSONAL NAME
- Personal name: Swetha K.P
670 ## - SOURCE DATA FOUND
- Source citation: Work cat.: (OSt)15160: MEERA T. BALAN 3459, Effect of different irrigation and fertigation levels on performance of cowpea under polyhouse
